000 00491cam a22001937a 4500
001 000978
003 armpunfd
005 20140612090626.0
008 011019e1992####xx#a##########000#0#und#d
040 _aarmpunfd
_carmpunfd
080 _a347.9 AL 76
100 1 0 _a Alvarez Julia, Luis
245 1 0 _aManual de derecho procesal
260 _a Buenos Aires
_b Depalma
_c1992
300 _a474p.
650 7 _a Derecho Procesal
_2LEMB
942 _cLB
_2cdu
945 _aCatalis
_d2010-08-19
999 _c969
_d231473